000 01509nam a2200433 i 4500
001 ELB116618
003 FINmELB
005 20250326043000.0
006 m o u
007 cr cn|||||||||
008 200229s2017 ec ob 000 0 spa d
020 _a9789942063717
_q(e-book)
035 _a(OCoLC) 1105487377
040 _aFINmELB
_bspa
_erda
_cFINmELB
050 4 _aK235
_bC355 2017
080 _a340.12
082 0 _a340.1
_223
100 1 _aCastro Riera, Carlos.
245 1 0 _aTemas de filosofía del derecho /
_cCarlos Castro Riera.
264 1 _aQuito :
_bCorporación de Estudios y Publicaciones,
_c2017.
300 _a1 recurso en línea (160 páginas)
336 _atexto
_btxt
_2rdacontent/spa
337 _acomputadora
_bc
_2rdamedia/spa
338 _arecurso en línea
_bcr
_2rdacarrier/spa
504 _aContiene bibliografía.
588 _aDescripción basada en metadatos suministrados por el editor y otras fuentes.
590 _aRecurso electrónico. Santa Fe, Arg.: elibro, 2020. Disponible vía World Wide Web. El acceso puede estar limitado para las bibliotecas afiliadas a elibro.
650 0 _aLaw
_xPhilosophy.
650 0 _aLaw
_xTheory.
650 4 _aDerecho.
650 4 _aFilosofía.
655 4 _aLibros electrónicos.
797 2 _aelibro, Corp.
856 4 0 _uhttps://elibro.net/ereader/usam/116618
999 _c138489
_d138489